000 00726nam a2200193Ii 4500
003 JO-AjNU
008 230605s9999||||xx |||||||||||||| ||und||
040 _aJO-AjNU
_bara
_erda
_cJO-AjNU
041 _aara
050 1 4 _aPJ7578.M37 2001
100 3 _aفخر الدين،فخر الدين,
_eauthor
_923592
245 0 0 _aأخبار وطرائف عن الملوك والخلفاء والمغنين والشعراء والعشاق
264 3 1 _aبيروت:دار الحرف العربي،2001
300 _a253ص
336 _atext
_btxt
_2rdacontent
337 _aunmediated
_bn
_2rdamedia
338 _avolume
_bnc
_2rdacarrier
650 4 _aالأهاجي والفكاهات العربية - الأدب العربي
_923593
999 _aA8557
_c12125
_d12125